Normal view
MARC view
Entry Meeting Name
001 - CONTROL NUMBER
- control field: 5576
003 - CONTROL NUMBER IDENTIFIER
- control field: OSt
005 - DATE AND TIME OF LATEST TRANSACTION
- control field: 20211105132658.0
008 - FIXED-LENGTH DATA ELEMENTS
- fixed length control field: 211105|| aca||aabn | a|a d
040 ## - CATALOGING SOURCE
- Original cataloging agency: OSt
- Transcribing agency: OSt
111 ## - HEADING--MEETING NAME
- Meeting name or jurisdiction name as entry element: International conference on photonic, electronic and atomic collisions
- Number of part/section/meeting: 5th
- Location of meeting: Russia
- Date of meeting or treaty signing: 1967 July 17-23
670 ## - SOURCE DATA FOUND
- Source citation: Work cat.: (OSt): International conference on photonic, electronic and atomic collisions 5th Russia 1967 July 17-23 , The physics of electronic and atomic collisions, 1967